Normalización de términos sobre investigación clínica con medicamentos: una herramienta para farmacólogos y documentalistas (Registre núm. 56928)
[ vista simple ]
| 000 -LEADER | |
|---|---|
| campo de control de longitud fija | 01087akm a2200397a 44500 |
| 008 - DATOS DE LONGITUD FIJA--INFORMACIÓN GENERAL | |
| campo de control de longitud fija | 030211s2003 spa |
| 041 ## - CÓDIGO DE IDIOMA | |
| Código de lengua del texto/banda sonora o título independiente | spa |
| 041 ## - CÓDIGO DE IDIOMA | |
| Llengües tractades | cat |
| 041 ## - CÓDIGO DE IDIOMA | |
| Llengües tractades | eng |
| 080 ## - NÚMERO DE LA CLASIFICACIÓN DECIMAL UNIVERSAL | |
| Número de la Clasificación Decimal Universal | 615.03(038) |
| 100 ## - ENTRADA PRINCIPAL--NOMBRE DE PERSONA | |
| Nombre de persona | Guardiola, E. |
| 9 (RLIN) | 68021 |
| 245 ## - MENCIÓN DEL TÍTULO | |
| Título | Normalización de términos sobre investigación clínica con medicamentos: una herramienta para farmacólogos y documentalistas |
| 245 ## - MENCIÓN DEL TÍTULO | |
| Mención de responsabilidad, etc. | E. Guardiola [et al.] |
| 245 ## - MENCIÓN DEL TÍTULO | |
| Medio | [pòster] |
| 260 ## - PUBLICACIÓN, DISTRIBUCIÓN, ETC. | |
| Lugar de publicación, distribución, etc. | Barcelona |
| 260 ## - PUBLICACIÓN, DISTRIBUCIÓN, ETC. | |
| Nombre del editor, distribuidor, etc. | VII Jornadas Españolas de Documentación |
| 260 ## - PUBLICACIÓN, DISTRIBUCIÓN, ETC. | |
| Fecha de publicación, distribución, etc. | 2003 |
| 500 ## - NOTA GENERAL | |
| Nota general | Referències bibliogràfiques |
| 500 ## - NOTA GENERAL | |
| Publicació TERMCAT | termcat |
| 520 ## - RESUMEN, ETC. | |
| Nombre de termes | 42 |
| 591 ## - Codi de font | |
| Codi de font | 19 |
| 592 ## - Tipus obra | |
| Tipus d'obra | Obra terminològica |
| 593 ## - Codi CGAT | |
| Codi de la CGAT | EQ |
| 593 ## - Codi CGAT | |
| Codi de la CGAT | ETC |
| 593 ## - Codi CGAT | |
| Codi de la CGAT | EU |
| 594 ## - Número de document | |
| Número de document | 19 |
| 650 ## - PUNTO DE ACCESO ADICIONAL DE MATERIA--TÉRMINO DE MATERIA | |
| Término de materia o nombre geográfico como elemento de entrada | farmacologia |
| 9 (RLIN) | 61777 |
| 650 ## - PUNTO DE ACCESO ADICIONAL DE MATERIA--TÉRMINO DE MATERIA | |
| Término de materia o nombre geográfico como elemento de entrada | laboratori clínic |
| 9 (RLIN) | 61674 |
| 650 ## - PUNTO DE ACCESO ADICIONAL DE MATERIA--TÉRMINO DE MATERIA | |
| Término de materia o nombre geográfico como elemento de entrada | recerca clínica |
| 9 (RLIN) | 67320 |
| 700 ## - ENTRADA AGREGADA--NOMBRE PERSONAL | |
| Nombre de persona | Colomer i Artigas, R. |
| 9 (RLIN) | 67410 |
| 901 ## - ELEMENTOS DE DATOS A LOCAL LDA (RLIN) | |
| c | <2003> |
| 902 ## - ELEMENTOS DE DATOS B LOCAL, LDB (RLIN) | |
| a | 030211 |
| 942 ## - ELEMENTOS DE ENTRADA SECUNDARIOS (KOHA) | |
| Tipo de ítem Koha | Monografia |
| Suprimir en OPAC | No |
| Fuente del sistema de clasificación o colocación | Clasificación Decimal Dewey |
| Estatus retirado | Estado de pérdida | Estado de daño | No para préstamo | Biblioteca de origen | Biblioteca actual | Fecha de adquisición | Total de préstamos | Signatura topográfica completa | Código de barras | Visto por última vez | Precio de reemplazo | Tipo de ítem Koha |
|---|---|---|---|---|---|---|---|---|---|---|---|---|
| TERMCAT | TERMCAT | 11/02/2003 | EQ | Cartells | 05987 | 30/09/2021 | 30/09/2021 | MO |